000 00423nam a22001457a 4500
999 _c7559
_d7557
005 20210313132010.0
008 210313b ||||| |||| 00| 0 eng d
082 _a346.066
100 _aAIYAR, A.N.
_96466
245 _aREPORTS OF COMPANY CASES INCLUDING CASES OF BANKING AND INSURENCE [VOL-44]
260 _aMADRAS
_bCOMPANY LAW INSTITUE OF INDIA,PVT.LTD
_c1974
300 _aI-XII,P
650 _aLAW
_95701
942 _cJRL